[Event "SC-2014-0-00241"]
[Site "LSS email"]
[Date "2014.10.14"]
[Round "?"]
[White "Berger, Patrice"]
[Black "Soreghy, Janos"]
[Result "0-1"]
[WhiteElo "1827"]
[BlackElo "1707"]
[PlyCount "36"]
[EventDate "2014.08.24"]
[EventType "tourn (corr)"]
[EventRounds "6"]
[EventCountry "GER"]
[SourceTitle "Corr 2022"]
[Source "ChessBase"]
[SourceDate "2021.10.24"]
[SourceVersion "1"]
[SourceVersionDate "2021.10.24"]
[SourceQuality "1"]

1. d4 Nf6 2. c4 e6 3. Nc3 Bb4 4. Qc2 0-0 5. Bg5 h6 6. Bxf6 Qxf6 7. e3 e5 8. Nf3 exd4 9. Nxd4 Nc6 10. Ndb5 Ba5 11. 0-0-0 Nb4 12. Nd5 Nxd5 13. cxd5 d6 14. Bd3 Bg4 15. f3 Bd7 16. Kb1 Rae8 17. e4 a6 18. Nc3 Rc8 0-1

[Event "OP-2014-0-03472"]
[Site "LSS email"]
[Date "2014.08.18"]
[Round "?"]
[White "Berger, Patrice"]
[Black "Doner, Mustafa"]
[Result "1-0"]
[WhiteElo "1589"]
[BlackElo "1385"]
[PlyCount "25"]
[EventDate "2014.08.13"]
[EventType "tourn (corr)"]
[EventRounds "4"]
[EventCountry "GER"]
[SourceTitle "Corr 2015"]
[Source "ChessBase"]
[SourceDate "2015.07.17"]
[SourceVersion "1"]
[SourceVersionDate "2015.07.17"]
[SourceQuality "1"]

1. d4 d6 2. c4 e5 3. dxe5 dxe5 4. Qxd8+ Kxd8 5. Nf3 Nc6 6. Nc3 Be6 7. e3 Bb4 8. Bd2 f6 9. 0-0-0 Ke8 10. Nd5 Bxd2+ 11. Nxd2 Rc8 12. Ne4 b6 13. Nec3 1-0

[Event "OP-2014-0-03472"]
[Site "LSS email"]
[Date "2014.08.18"]
[Round "?"]
[White "Berger, Patrice"]
[Black "Zabransky, Frantisek"]
[Result "0-1"]
[WhiteElo "1589"]
[BlackElo "1625"]
[PlyCount "64"]
[EventDate "2014.08.13"]
[EventType "tourn (corr)"]
[EventRounds "4"]
[EventCountry "GER"]
[SourceTitle "Corr 2015"]
[Source "ChessBase"]
[SourceDate "2015.07.17"]
[SourceVersion "1"]
[SourceVersionDate "2015.07.17"]
[SourceQuality "1"]

1. d4 Nf6 2. c4 e6 3. Nc3 Bb4 4. a3 Bxc3+ 5. bxc3 c5 6. e4 Qa5 7. e5 Ne4 8. Bd2 Nc6 9. Nf3 Nxc3 10. dxc5 Nxd1 11. Bxa5 Nxa5 12. Rxd1 Nb3 13. Nd4 Nxc5 14. Nb5 Ke7 15. Nd6 b6 16. Bd3 f6 17. f4 Bb7 18. 0-0 Raf8 19. Bc2 Bc6 20. Rfe1 fxe5 21. fxe5 Nb7 22. Nxb7 Bxb7 23. Ba4 Rd8 24. Rd3 Rhf8 25. Red1 Bc6 26. Bb5 Bxb5 27. cxb5 Rf5 28. Rg3 g6 29. Re1 Rc8 30. Rd3 Kd8 31. a4 Rc2 32. Rh3 Rg5 0-1

[Event "OP-2014-0-03444"]
[Site "LSS email"]
[Date "2014.07.21"]
[Round "?"]
[White "Hillebrand, Carsten"]
[Black "Berger, Patrice"]
[Result "1-0"]
[WhiteElo "1861"]
[BlackElo "1589"]
[PlyCount "57"]
[EventDate "2014.07.14"]
[EventType "tourn (corr)"]
[EventRounds "4"]
[EventCountry "GER"]
[SourceTitle "Corr 2015"]
[Source "ChessBase"]
[SourceDate "2015.07.17"]
[SourceVersion "1"]
[SourceVersionDate "2015.07.17"]
[SourceQuality "1"]

1. d4 Nf6 2. c4 g6 3. g3 Bg7 4. Bg2 d5 5. cxd5 Nxd5 6. Nf3 0-0 7. 0-0 Nc6 8. Nc3 Bf5 9. Ne1 Nxc3 10. bxc3 e5 11. e4 Bd7 12. Nc2 exd4 13. cxd4 Nxd4 14. Nxd4 c5 15. Nb3 Bxa1 16. Nxa1 Bb5 17. Qf3 Bxf1 18. Bxf1 Qe7 19. Nc2 Rae8 20. Bb2 f6 21. Bc4+ Kg7 22. Bd5 b5 23. Qf4 a6 24. Ne3 h5 25. g4 Kh7 26. Nf5 g5 27. Qe3 Qc7 28. Qh3 h4 29. Nxh4 1-0

[Event "OP-2014-0-03434"]
[Site "LSS email"]
[Date "2014.07.09"]
[Round "?"]
[White "Berends, Hartwig"]
[Black "Berger, Patrice"]
[Result "1-0"]
[WhiteElo "1853"]
[BlackElo "1606"]
[PlyCount "55"]
[EventDate "2014.07.01"]
[EventType "tourn (corr)"]
[EventRounds "4"]
[EventCountry "GER"]
[SourceTitle "Corr 2015"]
[Source "ChessBase"]
[SourceDate "2015.07.17"]
[SourceVersion "1"]
[SourceVersionDate "2015.07.17"]
[SourceQuality "1"]

1. d4 Nf6 2. c4 g6 3. Nc3 d5 4. Nf3 Bg7 5. cxd5 Nxd5 6. e4 Nxc3 7. bxc3 c5 8. Be2 Nc6 9. d5 Bxc3+ 10. Bd2 Bxa1 11. Qxa1 Nd4 12. Nxd4 cxd4 13. Qxd4 f6 14. 0-0 Bd7 15. Rb1 b6 16. e5 0-0 17. Bc4 b5 18. Bb3 a5 19. a3 Kg7 20. Bc3 Bf5 21. Re1 a4 22. Ba2 Rc8 23. Bb2 Rc2 24. d6 exd6 25. exd6 g5 26. Re7+ Kh6 27. Bf7 Bg6 28. Bxg6 1-0

[Event "RD-2014-0-00104"]
[Site "LSS email"]
[Date "2014.06.14"]
[Round "?"]
[White "Berger, Patrice"]
[Black "Correa de Almeida, Claudio"]
[Result "1/2-1/2"]
[WhiteElo "1606"]
[BlackElo "1464"]
[PlyCount "63"]
[EventDate "2014.03.17"]
[EventType "tourn (corr)"]
[EventRounds "6"]
[EventCountry "GER"]
[SourceTitle "Corr 2015"]
[Source "ChessBase"]
[SourceDate "2015.07.17"]
[SourceVersion "1"]
[SourceVersionDate "2015.07.17"]
[SourceQuality "1"]

1. d4 Nf6 2. c4 g6 3. Nc3 d5 4. cxd5 Nxd5 5. e4 Nxc3 6. bxc3 Bg7 7. Bc4 c5 8. Ne2 0-0 9. 0-0 Nc6 10. Be3 Qc7 11. Bd5 e6 12. Bb3 b6 13. dxc5 bxc5 14. Bxc5 Rd8 15. Qc2 Ba6 16. Rfd1 Bxe2 17. Qxe2 Bxc3 18. Rac1 Qa5 19. Be3 Nd4 20. Bxd4 Rxd4 21. Rxd4 Bxd4 22. g3 Rd8 23. Rd1 Qe5 24. Kg2 Qc5 25. e5 Rc8 26. f4 Rd8 27. Qf3 Qb6 28. Qg4 a5 29. Qe2 Kg7 30. Rd3 Qb4 31. Qd1 h6 32. Qd2 1/2-1/2

[Event "OP-2014-0-03416"]
[Site "LSS email"]
[Date "2014.06.07"]
[Round "?"]
[White "Evsin, Igorj"]
[Black "Berger, Patrice"]
[Result "1/2-1/2"]
[WhiteElo "1337"]
[BlackElo "1606"]
[PlyCount "72"]
[EventDate "2014.06.01"]
[EventType "tourn (corr)"]
[EventRounds "4"]
[EventCountry "GER"]
[SourceTitle "Corr 2015"]
[Source "ChessBase"]
[SourceDate "2015.07.17"]
[SourceVersion "1"]
[SourceVersionDate "2015.07.17"]
[SourceQuality "1"]

1. e4 c6 2. d4 d5 3. exd5 cxd5 4. c4 Nf6 5. Nc3 e6 6. c5 Be7 7. Nf3 0-0 8. a3 b6 9. b4 bxc5 10. bxc5 Ne4 11. Qc2 Qa5 12. Bd2 Nxd2 13. Qxd2 Ba6 14. Bxa6 Qxa6 15. Qe2 Qxe2+ 16. Kxe2 Nc6 17. Rab1 Rfd8 18. Rhd1 Rab8 19. Kd2 Rxb1 20. Rxb1 e5 21. Rb7 e4 22. Ne5 Nxe5 23. Rxe7 Nc6 24. Rb7 Nxd4 25. Ke1 f5 26. Rxa7 f4 27. Ra4 Ne6 28. c6 e3 29. Ra5 d4 30. Nd5 Rb8 31. fxe3 fxe3 32. Ra7 Rb1+ 33. Ke2 Rb2+ 34. Kf3 e2 35. Kf2 Nc5 36. Nf4 Ne4+ 1/2-1/2